00708 a2200169 45000010006000000050017000060080041000230030015000640400040000790800085001192450032002042640064002363000019003005050186003190410008005051000025005136098620260407155900.0260407a1965 arg spa dAR-UNSa-BCEJYS aAR-UNSa-BCEJYSbspacAR-UNSa-BCEJYS a342.4xConstituciones. Asambleas legislativas. Asambleas nacionales (Reforma...)10aLa Constitución Americana 1aBuenos Aires :bTEA (Tipográfica Editora Argentina)c1965 a951 p.c24 cm. a1. El documento – 2. La unión – 3. El Poder Judicial – 4. La legislatura – 5. El Poder Ejecutivo – 6. Libertades de la primera enmienda – 7. Derecho de debido proceso. aspa1 aPritchett, C. Herman